01071 2200181 4500001002100000005001500021035002000036245007600056100001800132250001700150300002900167700001800196260004500214082001200259084001800271650001900289520058100308INLIS00000000000016220240510050950 a0010-05240000841 aMutiara Kisah Teladan 25 Nabi dan Rasul /cMB. Rahimsyah, Rizky Gunawan0 aMB. Rahimsyah acetakan ke-1 a128 hlm :bilus ;c24 cm0 aRizky Gunawan aSurabaya :bPustaka Agung Harapan,c2012 a297.246 a297.246 MB. m 4aNabi dan Rasul aKisah mereka bukanlah dongeng yang tiada kenyataannya tetapi kisah mereka adalah sejarah panjang perjalanan umat manusia yang wajib untuk diketahui agar perilaku dan kebiasaan hidup mereka menjadi dasar bagi kita untuk mengarungi hidup yang memiliki makna. Kisah teladan 25 Nabi dan Rasul merupakan bukti tentang adanya Tuhan yang pantas disembah dan diagungkan. Kita tidak boleh menyimpang sedikitpun dari tali (Agama Islam) yang telah berusaha diwariskan kepada kita dengan susah payah agar semua dapat berpegangan dengan kokoh menuju kehidupan yang kekal di akhirat nanti.